000 00582nam a2200169 a 4500
001 000025850
005 20200930024110.0
008 110223s1979 mx r 000 0 spa d
040 _aDO-SdBNP
_bspa
_cBNPHU
082 _ann*
_bnn*
100 1 _aRivadenaira Prada, Raúl.
_952684
245 1 3 _aLa opinión pública :
_banálisis, estructura y métodos para su estudio /
_cRaúl Rivadeneira Prada.
260 _aMéxico, D. F. :
_bTrillas,
_c1979.
300 _a189 p. :
_bil. ;
_c23 cm.
500 _aIncluye referencias bibliográficas y notas al pie de las páginas.
049 _aBNGR
999 _c25342
_d25342